000 00724nam a2200241Ia 4500
003 OSt
005 20220926004246.0
006 a|||||r|||| 00| 0
007 ta
008 220923b |||||||| |||| 00| 0 eng d
037 _cGeneral Book
040 _aRTL
_cRTL
_beng
041 _2eng
_aeng
082 _aV41:19.49G.N80<--N47, M1.1-M1.2
100 _aJain R K Ed.
245 0 _aChina, South Asian relations, 1977-1980. 2 V
260 _a New Delhi
_bRadiant Publishers
_c1981
300 _axxxix,599p
_ccm.
490 _vV 1: India, 1947-1980. 599p
650 _aChina History
942 _hV41:19.49G.N80<--N47, M1.1-M1.2
_cGB
_2CC
999 _c610414
_d610414